Normal view MARC view

Entry Topical Term

Number of records used in: 3

001 - CONTROL NUMBER

  • control field: 41629

003 - CONTROL NUMBER IDENTIFIER

  • control field: dpl

005 - DATE AND TIME OF LATEST TRANSACTION

  • control field: 20120211135015.0

008 - FIXED-LENGTH DATA ELEMENTS

  • fixed length control field: 120211|||a|||||| | ||| d

040 ## - CATALOGING SOURCE

  • Original cataloging agency: dpl
  • Transcribing agency: dpl

150 ## - HEADING--TOPICAL TERM

  • Topical term or geographic name as entry element: भूगोल

670 ## - SOURCE DATA FOUND

  • Source citation: Work cat.: (dpl)62527: प्रमोद कुमार 41628, आर गुप्ता कृत यू.जी.सी.NET/SLETजूनियर रिसर्च फैलोशिप तथा लैक्चरशिप परीक्षा,हिन्दी पेपर 11 तथा 111, व.अ.

670 ## - SOURCE DATA FOUND

  • Source citation: Work cat.: (dpl)62527: प्रमोद कुमार 41628, आर गुप्ता कृत यू.जी.सी.NET/SLETजूनियर रिसर्च फैलोशिप तथा लैक्चरशिप परीक्षा,हिन्दी पेपर 11 तथा 111, व.अ.

© Delhi Public Library
Hit Counter
free hit counter